Materiales curriculares para favorecer el acceso a la lectura en educación infantil

שמור ב:
מידע ביבליוגרפי
Main Authors: Calero Guisado, Andrés (Author), Pérez González, Raquel (Author), Maldonado Rico, Antonio (Author), Sebastián Gascón, María Eugenia (Author)
פורמט: ספר
שפה:ספרדית
יצא לאור: Barcelona Cisspraxis 2002
מהדורה:1a. ed
סדרה:Didáctica y Pedagogía
נושאים:
תגים: הוספת תג
אין תגיות, היה/י הראשונ/ה לתייג את הרשומה!

MARC

LEADER 00000nam a2200000 a 4500
001 UCL9488
003 CL-VaPUC
008 040813e20020000SP |||||||||||||||||spa|d
020 |a 8471975661 
082 0 4 |a 372.42  |b CAL  |2 21 
100 0 |a Calero Guisado, Andrés  |e author  |9 487319 
700 0 |a Pérez González, Raquel  |e author  |9 487320 
700 0 |a Maldonado Rico, Antonio  |e author  |9 487321 
700 0 |a Sebastián Gascón, María Eugenia  |e author  |9 487322 
245 1 0 |a Materiales curriculares para favorecer el acceso a la lectura en educación infantil 
250 |a 1a. ed 
300 |a 178 p 
942 |c BK 
945 |d 20040813 00:00:00  |a cmena 
260 |a Barcelona  |b Cisspraxis  |c 2002 
650 0 |a Educación lingüística  |9 306506 
650 0 |a Enseñanza de la lectura  |9 308364 
650 0 |a Motivación   |9 315362 
650 0 |a Métodos de enseñanza  |9 270413 
650 0 |a Desarrollo cognitivo  |9 311398 
650 0 |a Psicolingüística   |9 283371 
650 0 |a Adquisición del lenguaje   |9 309032 
583 |a last modification  |c 20040813 00:00:00  |k Rodrigo Vera 
490 0 |a Didáctica y Pedagogía 
999 |c 310254  |d 310252 
952 |0 0  |1 0  |4 0  |6 372_420000000000000_CAL_2002  |7 0  |8 A  |9 378537  |a BIBEDU  |b BIBEDU  |c ES_NOD  |d 2019-11-21  |i 4047966  |o 372.42 CAL 2002  |p 4047966  |r 2023-08-09  |w 2019-11-21  |y BK  |k EPE